00531nai a2200157Ia 4500003000900000008004100009022002200050022002300072040001600095245003500111260003400146310001400180362002600194521006900220856008400289IN-BaIIA211028c9999 xx s 000 0 eng d a0049-8246 (Print) a1097-4539 (Online) cIIA Library 0aX-Ray Spectrometryh[eJournal] aNew JerseybJohn Wiley & Sons aBimonthly a25(1); 1996 - Present bSubscribed through National Knowledge Resource Consortium (NKRC) uhttps://onlinelibrary.wiley.com/journal/10974539yClick Here to Access eJournal